| 000 | 00000nam 2200000za 4500 |
| 001 | 9.837974 |
| 003 | CaOODSP |
| 005 | 20221107151252 |
| 007 | cr ||||||||||| |
| 008 | 170608s1986 onc |o f|0| 0 eng d |
| 040 | |aCaOODSP|beng |
| 041 | |aeng|bfre |
| 043 | |an-cn--- |
| 086 | 1 |aCS11-614/86-11E-PDF |
| 100 | 1 |aLaniel, Normand. |
| 245 | 10|aDesign criteria for 13 terms Henderson end-weights |h[electronic resource] / |cNormand Laniel. |
| 260 | |a[Ottawa] : |bStatistics Canada, |c1986. |
| 300 | |a[46] p. : |bfigures. |
| 490 | 1 |aWorking paper ; |v86-11 |
| 500 | |aDigitized edition from print [produced by Statistics Canada]. |
| 500 | |a"Working Paper TSRA-86-011." |
| 500 | |a"Original version written: June 1985. Revised: July, 1986." |
| 504 | |aIncludes bibliographic references. |
| 520 | |a"Criteria for the design of 13 terms Henderson asymmetric end-weight are described. One of these criteria can reproduce exactly the Henderson asymmetric weights of the X-11 seasonal adjustment method. The theoretical bias, variance, expected revision and revision variance of the trend-cycle estimators constructed with the criteria are analyzed. Also, an empirical comparison is done with seven time series. Finally, conclusions are drawn about the choice of a design criteria"--Summary, p. 3. |
| 546 | |aAbstract in French. |
| 692 | 07|2gccst|aMethodology |
| 692 | 07|2gccst|aStatistical analysis |
| 710 | 1 |aCanada. |bStatistics Canada. |bMethodology Branch. |
| 830 | #0|aWorking paper (Statistics Canada. Methodology Branch)|v86-11|w(CaOODSP)9.834763 |
| 856 | 40|qPDF|s4.22 MB|uhttps://publications.gc.ca/collections/collection_2017/statcan/11-613/CS11-614-86-11-eng.pdf |
| 986 | |a11-614E |